RP v Tatrách výber lezeckých ciest na slovenskej strane Vysokých Tatier

Bibliographic Details
Main Author: Packo, Milan (Author)
Format: Book
Language:Slovak
PhysicalDescription:107 s. inform., kresby 16x12 cm 1 príl.
Published: [Dolná Lehota Milan Packo 1991]
ISBN:8090097707
Subjects:

MARC

LEADER 00000cam a2200000 a 4500
001 vtls001329339
003 SK-MaSNL
005 20260301114315.0
008 160415s1991 xo a 00000 slo
015 |a SNBE1998/03-02028 
020 |a 8090097707 
035 |a SNK000282179 
040 |a SNK  |b slo  |c SNK  |e AACR2 
041 0 |a slo 
044 |a xo  |c SK 
080 |a 796.52(234.372.4)(083.9)=854=20=30  |2 1981 
080 |a 910.4:796.52  |2 1981 
100 1 |a Packo, Milan  |4 aut  |9 46109 
245 1 0 |a RP v Tatrách  |b výber lezeckých ciest na slovenskej strane Vysokých Tatier  |c Milan Packo 
260 |a [Dolná Lehota  |b Milan Packo  |c 1991] 
300 |a 107 s.  |b inform., kresby  |c 16x12 cm  |e 1 príl. 
366 |e 3000 výt. 
500 |a Podnáz. a súbež. text angl., nem. 
650 0 7 |a horolezectvo  |2 SNKPH  |9 1050 
651 7 |a Vysoké Tatry (Poľsko a Slovensko : pohorie)  |2 SNK  |9 67729 
655 7 |a informačné publikácie  |2 SNK  |9 70181 
919 |a 80-900977-0-7 
958 |a TL 
999 |c 717913  |d 719843 
952 |t P60, <03>, [BOOK], {603}  |a SNK  |b SNK  |y PREZ  |7 0  |p 17A0130948  |o snkOSD 8147  |i snkKSP 4750/98  |0 0  |1 0  |4 0  |d 1998-04-29  |l 0  |r 2005-01-02 00:00:00  |w 2026-02-23